| 000 | 00899nam a2200229 a 4500 | ||
|---|---|---|---|
| 001 | 68904 | ||
| 003 | BD-RjUL | ||
| 005 | 20211209081826.0 | ||
| 008 | 170408s2006 bg a|||| |||| 000 0 ben d | ||
| 020 | _a9843223934 | ||
| 035 | _a(BD-RjUL)69115 | ||
| 040 |
_aBD-RjUL _beng _cBD-RjUL |
||
| 041 | _aeng | ||
| 082 |
_223 _a320.092 _bHOB 2006 |
||
| 100 | 1 |
_aহোসেন, আমজাদ _9163864 |
|
| 245 | 1 | 0 |
_aবিস্মৃত প্রায় / _cআমজাদ হোসেন |
| 260 |
_aপাবনা : _bঅধ্যাপিকা জান্নাতুই ফেরদৌস, _c২০০৬. |
||
| 300 |
_a১৭৩ পৃ. : _bচিত্র ; _c২২ সে.মি. |
||
| 650 |
_aরাজনীতি ও সরকার _zবাংলাদেশ _9204170 _vআত্মজীবনী |
||
| 650 |
_aPolitics and Government _zBangladesh _9204171 _vBiography |
||
| 942 |
_2ddc _cBK |
||
| 999 |
_c68904 _d68904 |
||